[Event "Niedersachsen-ch op-B"]
[Site "Verden"]
[Date "2017.01.05"]
[Round "1"]
[White "Koch, Yannick"]
[Black "Stummeyer, Dieter"]
[Result "0-1"]
[WhiteElo "1940"]
[BlackElo "1885"]
[PlyCount "158"]
[EventDate "2017.01.05"]
[EventType "swiss"]
[EventRounds "7"]
[EventCountry "GER"]
[SourceTitle "CBM 187 Extra"]
[Source "ChessBase"]
[SourceDate "2018.11.04"]
[SourceVersion "1"]
[SourceVersionDate "2018.11.04"]
[SourceQuality "1"]

1. d4 Nf6 2. c4 e6 3. Nc3 d5 4. cxd5 exd5 5. Bg5 Be7 6. e3 0-0 7. Bd3 Be6 8. Nge2 Nbd7 9. 0-0 c5 10. Rc1 b6 11. Bb1 Bd6 12. Bf4 Bxf4 13. Nxf4 Re8 14. dxc5 Nxc5 15. Qd4 Qd7 16. h3 Rad8 17. Rfd1 Qe7 18. Qe5 Qd7 19. Qd4 Qe7 20. Bc2 g5 21. Nfe2 Nce4 22. Ba4 Rf8 23. Bb3 Nc5 24. Bc2 Nfe4 25. b4 Nxc3 26. Nxc3 Nb7 27. a3 Rd7 28. Ba4 Rdd8 29. Qe5 f6 30. Qg3 Qf7 31. Ne2 Nd6 32. Nd4 Ne4 33. Qc7 Rc8 34. Qxf7+ Kxf7 35. Bc6 Rfd8 36. Kf1 f5 37. Ke2 Nf6 38. Rc2 h5 39. Rcd2 h4 40. Rd3 g4 41. b5 Rd6 42. a4 Rg8 43. Ra3 gxh3 44. gxh3 Rg2 45. Nf3 Ne4 46. Ne5+ Kf6 47. Nd3 Rh2 48. Nf4 Nxf2 49. Rd4 Nxh3+ 50. Kd3 Nxf4+ 51. Rxf4 Ke5 52. a5 d4 53. Rxd4 Rxd4+ 54. exd4+ Kd6 55. Ra1 Rh3+ 56. Ke2 Rb3 57. axb6 axb6 58. d5 Bf7 59. Ra7 Bh5+ 60. Kf2 h3 61. Rd7+ Kc5 62. d6 Be8 63. Re7 Bxc6 64. bxc6 Kxd6 65. c7 Rc3 66. Rh7 Rxc7 67. Rxh3 b5 68. Rh6+ Ke5 69. Rb6 Rc5 70. Rb8 Kd4 71. Ke2 Kc3 72. Kd1 b4 73. Kc1 f4 74. Rf8 Rc4 75. Kb1 Re4 76. Rc8+ Kd3 77. Rd8+ Ke2 78. Kc1 f3 79. Rd2+ Ke3 0-1

[Event "Niedersachsen-ch op-B"]
[Site "Verden"]
[Date "2017.01.05"]
[Round "2"]
[White "Stummeyer, Dieter"]
[Black "Warns, Heiko"]
[Result "0-1"]
[WhiteElo "1885"]
[BlackElo "2144"]
[PlyCount "146"]
[EventDate "2017.01.05"]
[EventType "swiss"]
[EventRounds "7"]
[EventCountry "GER"]
[SourceTitle "CBM 187 Extra"]
[Source "ChessBase"]
[SourceDate "2018.11.04"]
[SourceVersion "1"]
[SourceVersionDate "2018.11.04"]
[SourceQuality "1"]

1. e4 c5 2. Nf3 e6 3. d4 cxd4 4. Nxd4 a6 5. a4 Nf6 6. Bd3 e5 7. Nb3 d5 8. exd5 Qxd5 9. 0-0 Be7 10. Nc3 Qc6 11. Re1 Nbd7 12. Ne4 0-0 13. Bd2 Rd8 14. Qf3 Nf8 15. Na5 Qc7 16. h3 Ng6 17. Nc4 Nxe4 18. Qxe4 f5 19. Qe3 e4 20. Ba5 Qc6 21. Bxd8 Bxd8 22. Bf1 Be6 23. b3 Bc7 24. g3 Rf8 25. f4 h5 26. h4 Kh7 27. a5 Ne7 28. Nb6 Bd6 29. Kh2 Bc5 30. Qe2 Ng8 31. Qxh5+ Nh6 32. Bh3 Bb4 33. Qe2 Bxe1 34. Rxe1 Rd8 35. Rd1 Rxd1 36. Qxd1 Qc5 37. Qd2 Bf7 38. Nd7 Qb5 39. Ne5 Bh5 40. Nc4 Bf3 41. Qe3 Qd7 42. Qd2 Qxd2+ 43. Nxd2 Bd1 44. Kg1 Bxc2 45. Kf2 Kg6 46. Ke3 Kh5 47. Nc4 Ng4+ 48. Kd4 Bxb3 49. Nd6 g6 50. Nxb7 Bd1 51. Bf1 e3 52. Kd3 Bf3 53. Nc5 Bc6 54. Kd4 Bf3 55. Kd3 Bc6 56. Ke2 Nh2 57. Ke1 Nxf1 58. Kxf1 Bb5+ 59. Kg2 Kg4 60. Ne6 Bc6+ 61. Kf1 Bf3 62. Nf8 Kxg3 63. Nxg6 Bh5 64. Ne7 Kxf4 65. Nd5+ Kf3 66. Nb4 Be8 67. h5 Bxh5 68. Nxa6 Bf7 69. Nc7 Bc4+ 70. Ke1 Kg2 71. a6 Bxa6 72. Nxa6 f4 73. Nb4 f3 0-1

[Event "Sachsen-Anhalt-ch Seniors 24th"]
[Site "Halberstadt"]
[Date "2016.05.31"]
[Round "3"]
[White "Scherf, Siegfried"]
[Black "Stummeyer, Dieter"]
[Result "0-1"]
[WhiteElo "1769"]
[BlackElo "1846"]
[PlyCount "94"]
[EventDate "2016.05.29"]
[EventType "swiss"]
[EventRounds "7"]
[EventCountry "GER"]
[SourceTitle "EXT 2019"]
[Source "ChessBase"]
[SourceDate "2018.10.10"]
[SourceVersion "1"]
[SourceVersionDate "2018.10.10"]
[SourceQuality "1"]

1. d4 Nf6 2. Bg5 d5 3. Bxf6 gxf6 4. g3 Bf5 5. Bg2 c6 6. Nf3 Qb6 7. b3 Bg7 8. Qd2 e5 9. 0-0 0-0 10. Nc3 Na6 11. Na4 Qc7 12. Nh4 Be6 13. Rae1 exd4 14. Qxd4 f5 15. Qd2 b5 16. Nc3 Qa5 17. Ne4 Qxd2 18. Nxd2 Nb4 19. Bh3 f4 20. Nf5 Bxf5 21. Bxf5 fxg3 22. hxg3 Nxa2 23. Nb1 Rfd8 24. Kg2 a5 25. Rh1 h6 26. e4 d4 27. e5 a4 28. bxa4 Rxa4 29. e6 fxe6 30. Rxe6 Nb4 31. Rhe1 Raa8 32. Re7 Nd5 33. R7e4 Nf6 34. R4e2 c5 35. g4 c4 36. Be6+ Kf8 37. f4 Nd5 38. Bxd5 Rxd5 39. Re6 d3 40. cxd3 Rxd3 41. g5 hxg5 42. fxg5 Ra2+ 43. R1e2 Rxe2+ 44. Rxe2 c3 45. Na3 b4 46. Nc4 b3 47. Kf2 c2 0-1

[Event "Niedersachsen-ch op-A"]
[Site "Verden"]
[Date "2015.01.02"]
[Round "1"]
[White "Spieker, Hans Joachim"]
[Black "Stummeyer, Dieter"]
[Result "0-1"]
[WhiteElo "1923"]
[BlackElo "1901"]
[PlyCount "122"]
[EventDate "2015.01.02"]
[EventType "swiss"]
[EventRounds "7"]
[EventCountry "GER"]
[SourceTitle "EXT 2018"]
[Source "ChessBase"]
[SourceDate "2017.10.13"]
[SourceVersion "1"]
[SourceVersionDate "2017.10.13"]
[SourceQuality "1"]

1. Nf3 Nf6 2. c4 c5 3. g3 Nc6 4. Bg2 e6 5. 0-0 Be7 6. b3 0-0 7. Bb2 d5 8. cxd5 exd5 9. d4 Be6 10. dxc5 Bxc5 11. Nc3 h6 12. Rc1 Qe7 13. Nb5 Bb6 14. Ba3 Nb4 15. Ne5 a5 16. e3 Rfc8 17. Qe2 Rc5 18. Nd4 Rac8 19. Nxe6 Qxe6 20. Nd3 Rc2 21. Rxc2 Rxc2 22. Qd1 Rxa2 23. Bxb4 axb4 24. Nxb4 Ra5 25. Qd3 Qd6 26. Rc1 g6 27. Rc8+ Kg7 28. Nc2 Rc5 29. Rxc5 Bxc5 30. h3 Qe5 31. b4 Bd6 32. b5 Ne4 33. Qd4 f6 34. Qxe5 Bxe5 35. Nb4 Nc3 36. Bxd5 Bd6 37. Bxb7 Bxb4 38. Bc6 Ba5 39. Kg2 Kf7 40. f4 Ke7 41. Kf3 Bb6 42. g4 Kd6 43. e4 Kc5 44. Be8 g5 45. h4 gxh4 46. e5 fxe5 47. fxe5 Nxb5 48. Bxb5 Kxb5 49. Kg2 Kc6 50. Kf3 Kd5 51. e6 Kxe6 52. Ke4 Bf2 53. Kf3 Bg3 54. Kg2 Kd5 55. Kf3 Kd4 56. Kg2 Ke4 57. Kh3 Be1 58. Kg2 Ke3 59. Kh3 Kf3 60. Kh2 Bg3+ 61. Kh3 Kf2 0-1

[Event "GER-ch North Seniors 48th"]
[Site "Sottrum"]
[Date "2014.05.28"]
[Round "3"]
[White "Montag, Gottfried"]
[Black "Stummeyer, Dieter"]
[Result "1-0"]
[WhiteElo "1774"]
[BlackElo "1886"]
[PlyCount "97"]
[EventDate "2014.05.26"]
[EventType "swiss"]
[EventRounds "7"]
[EventCountry "GER"]
[SourceTitle "EXT 2018"]
[Source "ChessBase"]
[SourceDate "2017.10.13"]
[SourceVersion "1"]
[SourceVersionDate "2017.10.13"]
[SourceQuality "1"]

1. e4 b6 2. d4 Bb7 3. Nc3 e6 4. Nf3 Bb4 5. Bd3 Ne7 6. 0-0 c5 7. a3 Bxc3 8. bxc3 c4 9. Bxc4 Bxe4 10. Re1 Bb7 11. Bg5 f6 12. Bd2 0-0 13. Bd3 Na6 14. Qe2 Nc7 15. c4 Re8 16. Bb4 d6 17. Nd2 Nc6 18. Bc3 d5 19. Qh5 f5 20. Qh3 Qf6 21. Nf3 Rad8 22. Ne5 Ne7 23. Qg3 f4 24. Qh3 g6 25. Rab1 dxc4 26. Bxc4 Ned5 27. Bd2 Ne7 28. Bc3 Ncd5 29. Bb2 Nf5 30. Rbd1 h5 31. Bd3 Nde7 32. Bb5 Rf8 33. Nd7 Qg5 34. Nxf8 Kxf8 35. Rxe6 Nh4 36. Re5 Nef5 37. d5 Bc8 38. Bf1 f3 39. Bc1 Qf6 40. Rde1 Ne3 41. Qg3 Nef5 42. Qg5 Qd6 43. g3 Ng2 44. Bxg2 fxg2 45. Kxg2 Bb7 46. c4 b5 47. Re6 Qc5 48. Qf6+ Kg8 49. Qxd8+ 1-0

[Event "Hannover Region-ch"]
[Site "Hannover"]
[Date "2014.03.29"]
[Round "5"]
[White "Stummeyer, Dieter"]
[Black "Niebuhr, Gerd"]
[Result "0-1"]
[WhiteElo "1886"]
[BlackElo "2067"]
[PlyCount "38"]
[EventDate "2014.02.01"]
[EventType "swiss"]
[EventRounds "7"]
[EventCountry "GER"]
[SourceTitle "EXT 2021"]
[Source "ChessBase"]
[SourceDate "2020.10.23"]
[SourceVersion "1"]
[SourceVersionDate "2020.10.23"]
[SourceQuality "1"]

1. e4 e5 2. Nf3 Nc6 3. Bb5 f5 4. d3 fxe4 5. dxe4 Nf6 6. Bg5 d6 7. 0-0 Be7 8. Bxf6 Bxf6 9. Qd5 Bd7 10. Bc4 Qe7 11. Nc3 0-0-0 12. a3 Nd4 13. Qa5 Nc6 14. Qa4 Kb8 15. Nd5 Qe8 16. b4 Nd4 17. Qa5 b6 18. Nxf6 gxf6 19. Qd5 Be6 0-1

[Event "Hannover Region-ch"]
[Site "Hannover"]
[Date "2014.03.22"]
[Round "4"]
[White "Heiseke, Gerhard"]
[Black "Stummeyer, Dieter"]
[Result "0-1"]
[WhiteElo "1331"]
[BlackElo "1886"]
[PlyCount "30"]
[EventDate "2014.02.01"]
[EventType "swiss"]
[EventRounds "7"]
[EventCountry "GER"]
[SourceTitle "EXT 2021"]
[Source "ChessBase"]
[SourceDate "2020.10.23"]
[SourceVersion "1"]
[SourceVersionDate "2020.10.23"]
[SourceQuality "1"]

1. d4 c5 2. c3 cxd4 3. cxd4 d5 4. Bf4 Nc6 5. e3 Qb6 6. b3 Nf6 7. Nc3 a6 8. h3 e6 9. a3 Bd7 10. Nf3 Rc8 11. Bd3 Nxd4 12. Na4 Nxf3+ 13. gxf3 Qa5+ 14. Ke2 b5 15. b4 Qxa4 0-1

[Event "Niedersachsen-ch op-A"]
[Site "Verden"]
[Date "2014.01.02"]
[Round "2"]
[White "Stummeyer, Dieter"]
[Black "Koch, Yannick"]
[Result "0-1"]
[WhiteElo "1886"]
[BlackElo "1840"]
[PlyCount "64"]
[EventDate "2014.01.02"]
[EventType "swiss"]
[EventRounds "7"]
[EventCountry "GER"]
[SourceTitle "EXT 2016"]
[Source "ChessBase"]
[SourceDate "2015.10.08"]
[SourceVersion "1"]
[SourceVersionDate "2015.10.08"]
[SourceQuality "1"]

1. e4 e6 2. d4 d5 3. e5 c5 4. c3 Qb6 5. Nf3 Nc6 6. Bd3 cxd4 7. cxd4 Bd7 8. Bc2 Nb4 9. 0-0 Nxc2 10. Qxc2 Rc8 11. Nc3 Ne7 12. Be3 Nc6 13. a3 Na5 14. b4 Nc4 15. Qb3 Be7 16. Na4 Bxa4 17. Qxa4+ Rc6 18. b5 Rc7 19. Qb3 0-0 20. a4 Na5 21. Qd3 Rfc8 22. Rfc1 Nc4 23. h3 h6 24. Rc2 Qa5 25. Raa2 Qb4 26. Kh2 Qb1 27. Nd2 Qd1 28. Rc3 Nxe3 29. Rxc7 Ng4+ 30. hxg4 Rxc7 31. Qf3 Qe1 32. Nb3 Rc3 0-1